000
002460000a22000970004500
100
1
_a
Mitchell, William
245
1
0
_a
Descubren manuscrito
300
_a
Vol. 46, Núm 196 (1991), Páginas 17-18
773
0
_t
La Biblia de las Américas
942
_c
ANA
999
_c
51324
_d
51324